Регионална библиотека "Любен Каравелов" - Русе

Ефективно използване на поливните площи (Запис номер 181729)

MARC детайли
000 -Лидер
Контролно поле с фиксирана дължина 01747nam a2200361 c 4500
003 - Код на организацията, давaща контролен номер
Контролно поле BLK
005 - Дата и час на последна редакция
Контролно поле 20221212142224.0
008 - Елементи от данни с фиксирана дължина
fixed length control field 180411b bul|||||r ||||||| ||bul||
010 ## - Наследен системен номер
LC control number KNG00190635000
040 ## - Източник на каталожния запис
Идентификатор на билиотеката - собственик на записа BLK
041 ## - Код за език
Код за езика на текст/звукозапис или на отделно заглавие Български
Код за езика КДБФ Български
080 ## - УДК
Текстов определител УДК Напояване - повърхностно, подпочвено, дъждуване, норми и срокове за поливане и др.
УДК код - определител по УДК 631.67
УДК определител (035)
УДК - код + определител 631.67(035)
080 ## - УДК
Текстов определител УДК Напояване
УДК код - определител по УДК 626.81/.84
УДК определител (035)
УДК - код + определител 626.81/.84(035)
100 1# - Редна дума - Автор
Автор Вучков, Калоян Виденов
R(LIN) 342691
139 ## - Редно поле
Редна дума Вучков, Калоян и др.
Авторски знак Ву - В 89
245 10 - Сведения за заглавието
Заглавие Ефективно използване на поливните площи
Подзаглавни данни Ръководство
Редно поле (дума) Калоян Вучков; съавт. Анета Механджиева; съавт. Тодор Захариев.
257 ## - Страна на издаване
Страна на създаване/издаване България
260 ## - Област на издателските данни
Място на издаване, разпространение и проч. София
Име на издателя, разпространителя и проч. Земиздат
Година на издаване 1982
Печатница Хасково : Ат. Стратиев
300 ## - Физическа характеристика
Страници 95 с.
Илюстрации и др. с табл.
Размери/Мащаб 20 см
380 ## - Жанр
Жанр Селско стопанство
500 ## - Общи забележки
Забележка Авт. не са отбелязани на кор .- Пълното име на третия авт. е Тодор Захариев Върбанов.- Библиогр. с. 92-93
650 #4 - Допълнително описание по предмет – тема
Основно описание – тема или топоним Напояване
9 (RLIN) 163243
650 #4 - Допълнително описание по предмет – тема
Основно описание – тема или топоним Напоителни системи и съоръжения
9 (RLIN) 299542
653 ## - Ключова дума – ненормативна
Ключова дума напояване
653 ## - Ключова дума – ненормативна
Ключова дума напоителни системи
700 1# - Други автори (авторска отговорност)
Лично име Механджиева, Анета
Автороска отговорност (Описва отношението между автора и произведението) съавт.
9 (RLIN) 342692
700 1# - Други автори (авторска отговорност)
Лично име Захариев, Тодор
Автороска отговорност (Описва отношението между автора и произведението) съавт.
9 (RLIN) 364581
852 ## - Местоположение
Форматна сигнатура Цб 118381
Фондова буква Хранилище
856 4# - Електронен адрес и достъп
Електронен формат pdf - файл
856 4# - Електронен адрес и достъп
Електронен формат pdf - файл
999 ## - СИСТЕМНИ КОНТРОЛНИ НОМЕРА
Koha biblionumber 181729
Koha biblioitemnumber 181729
942 ## - АРТИКУЛИ
Вид на библиотечния материал Книги
Скрит в OPAC Не
Периодичен библиозапис Да
944 ## - СЪЗДАВАНЕ И РЕДАКЦИЯ на ЗАПИСА
Създаване/Редакция Създаване
Дата на регистрацията/редакция 19.09.2016
Служител, извършил регистрацията/редакцията Христина_Везирева
944 ## - СЪЗДАВАНЕ И РЕДАКЦИЯ на ЗАПИСА
Създаване/Редакция Редакция
Дата на регистрацията/редакция 2022-05-16
Служител, извършил регистрацията/редакцията СТ
999 ## - СИСТЕМНИ КОНТРОЛНИ НОМЕРА
Koha biblioitemnumber 181729
Наличности
Код за отписване Код за изгубен артикул Източник на класификационната схема Код за повреда Коз за рестрикции Код за отдаване Артикулен № Име на библиотеката - собственик Име на библиотеката, в която се намира в момента Статус (Текущо местоположение) Дата на вписване в системата Местоположение - отдел Цена в лева Инвентарен номер Систематично азбучна сигнатура Баркод Номер на екземпляра Цена в евро Служебна бележка Служебен тип на артикула
  Не е изгубен Universal Decimal Classification Не е повреден без рестрикции ползва се в читалня 311324 Регионална библиотека "Любен Каравелов" Русе Регионална библиотека "Любен Каравелов" Русе Хранилище 1982-01-01 Хранилище 0.50 366686 Цб 118381 120000366686 1 0.26 Вид: Сф N: стар фонд Дата: 01.01.1982 Книги
Изтеглен Не е изгубен Universal Decimal Classification Не е повреден без рестрикции заемане за дома 311325 Регионална библиотека "Любен Каравелов" Русе Регионална библиотека "Любен Каравелов" Русе Заемна - подръчен фонд 1982-01-01 Заемна - подръчен фонд 0.50 364895 П 631.6/В 89 364895 2 0.26 Вид: Сф N: стар фонд Дата: 01.01.1982 Книги
Vip Innovations Ltd, Rousse, Bulgaria 2025